| 000 | 00530nam a2200181Ia 4500 | ||
|---|---|---|---|
| 008 | 090201s9999 xx 000 0 und d | ||
| 010 | _aKPL-73941 | ||
| 040 | _bमराठी | ||
| 041 | _aमराठी | ||
| 082 |
_a54436 _b73941 |
||
| 100 | _aमधु मंगेश कर्णिक | ||
| 245 |
_aतहान _cमधु मंगेश कर्णिक |
||
| 250 | _a2 | ||
| 260 |
_c2006 _bयशोदा प्रकाशन |
||
| 300 |
_a159 _bमध्यम |
||
| 600 | _aतहान | ||
| 942 | _cBOOK | ||
| 999 |
_c250776 _d250776 |
||